| 000 | 00405nam a22001577a 4500 | ||
|---|---|---|---|
| 020 | _a9788183212144 | ||
| 082 |
_a551.492 _bKAD/IN |
||
| 245 | _aIntegrated watershed approach for natural resource management | ||
| 260 |
_aUdaipur _bAgrotech Publishing Agency _c2011 |
||
| 300 | _a264p | ||
| 700 | _aKadale, A.S | ||
| 700 | _aPendke, M.S | ||
| 700 | _aPayal,S.D | ||
| 700 | _aWaghmare, A.A | ||
| 942 | _cBK | ||
| 999 |
_c13794 _d13794 |
||